书目信息 |
| 题名: |
冷战年代的危机和冲突
|
|
| 作者: | 翟强 著 | |
| 分册: | ||
| 出版信息: | 北京 九州出版社 2014 |
|
| 页数: | 26,317页 | |
| 开本: | 24cm | |
| 丛书名: | 冷战国际史研究文库 | |
| 单 册: | ||
| 中图分类: | D822.371.2 | |
| 科图分类: | ||
| 主题词: | 中美关系 , 中美关系--研究--现代 | |
| 电子资源: | ||
| ISBN: | 978-7-5108-2475-3 | |
| 000 | 00900nam0 2200241 450 | |
| 001 | 139227 | |
| 005 | 20140911090222.06 | |
| 010 | @a978-7-5108-2475-3@dCNY 59.00 | |
| 100 | @a20140613d2014 em y0chiy50 ea | |
| 101 | 0 | @achi |
| 102 | @aCN@b110000 | |
| 105 | @ay z 000yy | |
| 200 | 1 | @a冷战年代的危机和冲突@Aleng zhan nian dai de wei ji he chong tu@b专著@f翟强著 |
| 210 | @a北京@c九州出版社@d2014 | |
| 215 | @a26,317页@d24cm | |
| 225 | 1 | @a冷战国际史研究文库@f沈志华主编 |
| 330 | @a本书充分利用新近解密的多国档案,从“国际史”的多维角度探索冷战中的中美对抗,考察中美在一系列重大国际和地区问题上的矛盾和冲突;讨论了美国对华政策的制定,分析了中共对美国压力的反应,揭示了国际第三方对中美互动的影响和牵制。 | |
| 606 | 0 | @a中美关系 |
| 606 | 0 | @a中美关系@x研究@z现代 |
| 690 | @aD822.371.2@v5 | |
| 701 | 0 | @a翟强@Azhai qiang@c(历史)@4著 |
| 801 | 0 | @c20140911 |
| 905 | @a241430@dD822.371.2@eZ047 | |
| 冷战年代的危机和冲突/翟强著.-北京:九州出版社,2014 |
| 26,317页;24cm.-(冷战国际史研究文库/沈志华主编) |
| ISBN 978-7-5108-2475-3:CNY 59.00 |
| 本书充分利用新近解密的多国档案,从“国际史”的多维角度探索冷战中的中美对抗,考察中美在一系列重大国际和地区问题上的矛盾和冲突;讨论了美国对华政策的制定,分析了中共对美国压力的反应,揭示了国际第三方对中美互动的影响和牵制。 |
| ● |
| 相关链接 |
|
|
|
正题名:冷战年代的危机和冲突
索取号:D822.371.2/Z047
 
预约/预借
| 序号 | 登录号 | 条形码 | 馆藏地/架位号 | 状态 | 备注 |
| 1 | 0829838 | 208298386 | 社科库509/509社科库 79排3列5层/ [索取号:D822.371.2/Z047] | 在馆 | |
| 2 | 0829839 | 208298395 | 社科库509/509社科库 79排3列5层/ [索取号:D822.371.2/Z047] | 在馆 | |
| 3 | 0829840 | 208298402 | 社科库509/509社科库 79排3列5层/ [索取号:D822.371.2/Z047] | 在馆 |